Visualizzazione normale
Vista MARC
- Neri Ennio
di Personal Name
Records bibliografici associati: 3
001 - CONTROL NUMBER
- control field: 13000
003 - CONTROL NUMBER IDENTIFIER
- control field: IT-RoPau
005 - DATE AND TIME OF LATEST TRANSACTION
- control field: 20140212102226.0
008 - FIXED-LENGTH DATA ELEMENTS
- fixed length control field: 140212|| aca||aabn | a|a d
040 ## - CATALOGING SOURCE
- Original cataloging agency: IT-RoPau
- Transcribing agency: IT-RoPau
100 ## - HEADING--PERSONAL NAME
- Personal name: Neri Ennio
- Miscellaneous information: Codice autore testo/musica SPICS: 13457
- Relator term: Autore testo/musica
- Name of part/section of a work: Come è bello far l'amor quando è sera
670 ## - SOURCE DATA FOUND
- Source citation: Work cat.: (IT-RoPau)99714: AA.VV. 794, Album di famiglia 1900-1960